Incapacidad consensual para las obligaciones matrimoniales

Guardat en:
Dades bibliogràfiques
Autor principal: Fuentes, José A (Autor)
Format: Llibre
Idioma:espanyol
italià
Publicat: Pamplona Eunsa 1991
Col·lecció:Colección Canónica
Matèries:
Etiquetes: Afegir etiqueta
Sense etiquetes, Sigues el primer a etiquetar aquest registre!

MARC

LEADER 00000nam a2200000 a 4500
001 UCM7022
003 CL-VaPUC
008 021129e19910000SP |||||||||||||||||spa|d
041 0 7 |a spa  |2 CL-VaPUC 
041 0 7 |a ita  |2 CL-VaPUC 
082 0 4 |a 262.94  |b FUE  |2 21 
100 0 |a Fuentes, José A  |e author  |9 472747 
245 1 0 |a Incapacidad consensual para las obligaciones matrimoniales 
300 |a 384 p 
942 |c BK 
945 |d 20021129 00:00:00  |a vberengu 
260 |a Pamplona  |b Eunsa  |c 1991 
650 7 |a MATRIMONIO  |2 CL-VaPUC  |9 472748 
650 7 |a NULIDAD DEL MATRIMONIO  |2 CL-VaPUC  |9 472749 
583 |a last modification  |c 20021129 00:00:00  |k Rodrigo Vera 
490 0 |a Colección Canónica 
999 |c 302057  |d 302055 
952 |0 0  |1 0  |4 0  |6 262_940000000000000_FUE_1991  |7 0  |8 A  |9 362064  |a BIBDER  |b BIBDER  |d 2019-11-21  |i 3815722  |o 262.94 FUE 1991  |p 3815722  |r 2023-01-25  |w 2019-11-21  |y BK  |k DER